00639 2200241 4500001002100000005001700021008004100038020002200079035002400101040001200125082001100137090002200148100002000170245005900190250001000249260004500259300002400304504001200328650001900340700001400359850001200373990001200385YOGYA-0611000000038520110614085401.0 ind  a978-979-042-088-5 0010-061100000000385 aYOPDYOG a796.03 aDEP 796.03bUta S aUTAMI, Vievid D aSport and hobbiescVievid D. Utami;ilustrasi,Krismanto aCet.1 aYogyakartabEmpat Pilar Pendidikanc2008 a62 hlmbilusc25 cm ahlm. 62 aOlahraga-kamus aKrismanto aYOPDYOG aCB-D.11